000 00365nam a2200145Ia 4500
008 240624s9999 xx 000 0 und d
041 _aeng
082 _a320 BAL
100 _aBALL TERENCE
245 _aPOLITICAL IDEOLOGIES AND THE DEMOCRATIC
250 _a(8th ed.)
260 _c2011
_aBoston
_bLongman
300 _axiv, : 337 : p. : cm. ; 23
365 _c
_b25
999 _c19649
_d19649